000 00689nam0a22002411 4500
001 rc\943685
005 20041129095850.2
035 _a(NLR Aleph) 006116002
090 _a5410035
_c5410035
100 _a20041129d1982 u |0rusy50 ca
101 0 _arus
102 _aRU
105 _ay |||||||||
200 1 _aПриемка продовольственных товаров
205 _a2-е изд., перераб. и доп.
210 _aМ.
_cЭкономика
_d1982
215 _a111 с.
_d20
700 1 _aЛямина
_bИ. Н.
_gИнна Николаевна
801 0 _aRU
_bNLR
_gpsbo
801 1 _aRU
_bELAR
_2rusmarc
852 _aNLR
_j83-3/2650
942 _cBOOK
980 _aNB